| 000 | 02548nam a2200373 i 4500 | ||
|---|---|---|---|
| 003 | EG-GICUC | ||
| 005 | 20260221120532.0 | ||
| 008 | 260120s2018 ua |||fr|||| 00| 0 ara d | ||
| 017 | _a21369/2017 | ||
| 020 | _a9789777612487 | ||
| 040 |
_a EG-GICUC _bara _c EG-GICUC _d EG-GICUC _erda |
||
| 041 | 0 | _aAra | |
| 082 | 0 | 4 |
_221 _a343.7682 _bف ر . إ |
| 092 | 0 | 4 | _221 |
| 099 | _aLaw1 10 343.7682 ف ر إ 2018 | ||
| 100 | 0 |
_aفرحان صالح على الراشدى _eمؤلف. |
|
| 245 | 1 | 2 |
_aالإفراج الشرطى فى القانون الجنائى : _bدراسة مقارنة/ _cتأليف الدكتور فرحان صالح على الراشدى. |
| 250 | _aالطبعة الأولى | ||
| 264 | 1 |
_aالقاهرة : _bالمركز القومى للإصدارات القانونية، _c2018. |
|
| 300 |
_a324 صفحة _c24 سم. |
||
| 336 |
_2rda content _atext |
||
| 337 |
_2rda media _aComputer |
||
| 338 |
_2rda carrier _aOnline Resource |
||
| 500 | _aالتطور التاريخى للإفراج الشرطى - العقوبة السالبة للحرية فى الشريعة الإسلامية - موقف التشريعات المقارنة من نظام الإفراج الشرطى - الأحكام العامة لنظام الإفراج الشرطى - شروط الإفراج الشرطى - موقف التشريعات من الشروط المتعلقة بالجريمة - الإفراج الشرطى وإيقاف تنفيذ العقوبة - تهيئة المحكوم عليه للإفراج الشرطى وإجراءات إصداره - التعليم والتعذيب داخل المؤسسات العقابية - التأهيل المهني للمحكوم عليه - إجراءات إصدار قرار الإفراج الشرطى - الآثار التى تترتب على صدور الإفراج الشرطى - وشروط الإلتزامات التى تفرج على المفرج عنه شرطيا - موقف التشريعات المقارنة من الإلتزامات - الرعاية اللاحقة - موقف التشريعات المقارنة من الرعاية اللاحقة - إنهاء الإفراج الشرطى وإجراءاته | ||
| 504 | _aببليوجرافيا: صفحات296-309. | ||
| 546 | _aالنص باللغة العربية | ||
| 650 | 1 | _2qrmak | |
| 650 | 1 |
_aالإفراج تحت شرط _2qrmak |
|
| 650 | 1 |
_aالقانون الجنائى _2qrmak |
|
| 651 | 1 | _2qrmak | |
| 856 | 4 | 0 | _uhttps://fll.law.cu.edu.eg/fulltext/bks/B10-07865.pdf |
| 905 | _a54 | ||
| 942 |
_2ddc _cBK _e21 _n0 |
||
| 999 |
_c58294 _d58294 |
||